Ako sa líška učila lietať (Record no. 21527)
[ view plain ]
| 000 -LEADER | |
|---|---|
| fixed length control field | 01383cam a2200373 a 4500 |
| 001 - CONTROL NUMBER | |
| control field | 21527 |
| 003 - CONTROL NUMBER IDENTIFIER | |
| control field | VRT |
| 005 - DATE AND TIME OF LATEST TRANSACTION | |
| control field | 20260303152718.0 |
| 008 - FIXED-LENGTH DATA ELEMENTS--GENERAL INFORMATION | |
| fixed length control field | 250313s1978 ru a a 000 j slo |
| 035 ## - SYSTEM CONTROL NUMBER | |
| System control number | SNK000217713 |
| 035 ## - SYSTEM CONTROL NUMBER | |
| System control number | urn:nbn:sk:snk-amk2v7 |
| 035 ## - SYSTEM CONTROL NUMBER | |
| System control number | urn:nbn:sk:snk-am0083ky |
| 035 ## - SYSTEM CONTROL NUMBER | |
| System control number | 3F5F36F2-5909-414A-B663-0D766C91F935 |
| 039 #9 - LEVEL OF BIBLIOGRAPHIC CONTROL AND CODING DETAIL [OBSOLETE] | |
| Level of rules in bibliographic description | 202503131228 |
| Level of effort used to assign nonsubject heading access points | VLOAD |
| Level of effort used to assign subject headings | 202402261728 |
| Level of effort used to assign classification | VLOAD |
| Level of effort used to assign subject headings | 202205120756 |
| Level of effort used to assign classification | VLOAD |
| Level of effort used to assign subject headings | 201904121425 |
| Level of effort used to assign classification | AUTHORITY |
| 040 ## - CATALOGING SOURCE | |
| Original cataloging agency | SNK |
| Language of cataloging | slo |
| Transcribing agency | SNK |
| Description conventions | AACR2 |
| 041 1# - LANGUAGE CODE | |
| Language code of text/sound track or separate title | slo |
| Language code of original | rus |
| 044 ## - COUNTRY OF PUBLISHING/PRODUCING ENTITY CODE | |
| MARC country code | ru |
| ISO country code | RU |
| 080 ## - UNIVERSAL DECIMAL CLASSIFICATION NUMBER | |
| Universal Decimal Classification number | 882-93-34 |
| Edition identifier | 1981 |
| 080 ## - UNIVERSAL DECIMAL CLASSIFICATION NUMBER | |
| Universal Decimal Classification number | 398.2(=82) |
| Edition identifier | 1981 |
| 100 1# - MAIN ENTRY--PERSONAL NAME | |
| Personal name | Tolstoj, Aleksej Nikolajevič, |
| Dates associated with a name | 1883-1945 |
| Relationship | aut |
| 245 10 - TITLE STATEMENT | |
| Title | Ako sa líška učila lietať |
| Remainder of title | ruské ľudové rozprávky |
| Statement of responsibility, etc. | v spracovaní Aleksej Nikolajevič Tolstoj ; preložila V. Hegerová ; ilustroval J. Račov |
| 250 ## - EDITION STATEMENT | |
| Edition statement | [1.] vyd. |
| 260 ## - PUBLICATION, DISTRIBUTION, ETC. | |
| Place of publication, distribution, etc. | Moskva |
| Name of publisher, distributor, etc. | Malyš |
| Date of publication, distribution, etc. | [asi r. 1978] |
| 300 ## - PHYSICAL DESCRIPTION | |
| Extent | 76 s. |
| Other physical details | ilustr. |
| Dimensions | 4° |
| 655 #7 - INDEX TERM--GENRE/FORM | |
| Genre/form data or focus term | ruské rozprávky |
| Source of term | SNKPH |
| 655 #7 - INDEX TERM--GENRE/FORM | |
| Genre/form data or focus term | publikácie pre deti |
| Source of term | SNKPH |
| 700 1# - ADDED ENTRY--PERSONAL NAME | |
| Personal name | Hegerová, Viera, |
| Dates associated with a name | 1933- |
| Relationship | trl |
| 700 1# - ADDED ENTRY--PERSONAL NAME | |
| Personal name | Račov, Jevgenij Michajlovič, |
| Dates associated with a name | 1906-1997 |
| Relationship | ill |
| 942 ## - ADDED ENTRY ELEMENTS (KOHA) | |
| Source of classification or shelving scheme | Dewey Decimal Classification |
| Koha item type | Krásna literatúra pre deti |
| Suppress in OPAC | No |
| 949 ## - LOCAL PROCESSING INFORMATION (OCLC) | |
| 6 | 17A0971205 |
| a | snkSB 27563 |
| b | snkZK 115/79 |
| s | 6100:20140925 |
| 949 ## - LOCAL PROCESSING INFORMATION (OCLC) | |
| 6 | 17A0536386 |
| a | snkSB 27563 D1 |
| b | snkZK 116/79 |
| q | rekatalogizácia |
| Stav vyradenia | Strata | Poškodenie | Spôsob nadobudnutia | Domovská knižnica | Aktuálna knižnica | Dátum nadobudnutia | Total checkouts | Čiarový kód exemplára | Date last seen | Typ exemplára |
|---|---|---|---|---|---|---|---|---|---|---|
| Dar | Obecná knižnica Horná Štubňa | Obecná knižnica Horná Štubňa | 03.03.2026 | 4736201617 | 03.03.2026 | Krásna literatúra pre deti |
